| 000 | 00920nac a22002651u 4500 | ||
|---|---|---|---|
| 010 | _a75022410 | ||
| 020 | _a0070146977 | ||
| 082 | 0 | 0 |
_a621 _bC9526 |
| 090 |
_c1752 _d1752 |
||
| 100 | _a20080729 | ||
| 245 | 0 | 0 |
_aGeneral power mechanics / _cWilliam H. Crouse ... [et al.]. |
| 250 | _a2d ed. | ||
| 260 |
_aNew York : _bMcGraw-Hill, _cc1976. |
||
| 300 |
_axiii, 529 p. : _bill. ; _c24 cm. |
||
| 490 | 0 | _aMcGraw-Hill publications in industrial education | |
| 500 | _aRobert M. Worthington's name appeared 1st on title page of 1st ed. | ||
| 500 | _aIncludes index. | ||
| 500 | _aDonations | ||
| 500 | _aDonations - Dr. Mostafa Gouda | ||
| 650 | 0 | _aPower (Mechanics) | |
| 650 | 0 | _aEngines. | |
| 700 | 1 |
_aCrouse, William Harry, _d1907- |
|
| 942 |
_cBB _k621C9526 |
||
| 999 |
_c1752 _d1752 |
||